[Event "RUS-Cup2"]
[Site "Moscow"]
[Date "1996.??.??"]
[Round "3"]
[White "Totsky, Leonid"]
[Black "Losev, Dmitry"]
[Result "1-0"]
[WhiteElo "2490"]
[BlackElo "2375"]

1.e4 c5 2.c3 Nf6 3.e5 Nd5 4.d4 e6 5.Nf3 Nc6 6.c4 Ndb4 7.dxc5 Na6 8.a3 Nxc5
9.b4 Ne4 10.Bd3 d5 11.Qc2 f5 12.exf6 Qxf6 13.Bb2 Qg6 14.O-O Bd6 15.Nbd2 O-O
16.Nxe4 dxe4 17.Bxe4 Qh6 18.Rad1 Bc7 19.Rfe1 Rxf3 20.Bxf3 Qxh2+ 21.Kf1 e5
22.Ke2 Qf4 23.Bd5+ Kh8 24.Qe4 Qg5 25.Bxc6 Bf5 26.Qe3 Qg4+ 27.Kf1 Qxc4+ 28.Kg1 Qxc6
29.Bxe5 Bb6 30.Qg5 Bg6 31.Qe7  1-0

[Event "Moscow-ch"]
[Site "Moscow"]
[Date "1996.??.??"]
[Round "4"]
[White "Ivanov, Victor L"]
[Black "Kuznetsov, Lev"]
[Result "1-0"]
[WhiteElo "2375"]
[BlackElo "2265"]

1.e4 c5 2.c3 Nf6 3.e5 Nd5 4.Nf3 Nc6 5.d4 cxd4 6.cxd4 e6 7.Bc4 Nb6 8.Bd3 d6
9.O-O Be7 10.a3 O-O 11.Qc2 h6 12.Re1 Bd7 13.Nc3 Rc8 14.Qe2 d5 15.Bc2 f5 16.exf6 Rxf6
17.Qd3 Rf5 18.Ne2 Bf6 19.b3 e5 20.dxe5 Nxe5 21.Nxe5 Bxe5 22.Ng3 Qh4 23.Bb2 Rxc2
24.Qxc2 Rh5 25.h3 Bxg3 26.fxg3 Qxg3 27.Re7 Rg5 28.Qf2 Bxh3 29.Qxg3 Rxg3 30.Rxg7+ Rxg7
31.Bxg7 Bxg2 32.Bxh6 Bh3 33.Re1 Bd7 34.Re7 Bc6 35.Be3  1-0

[Event "Moscow Alekhine op"]
[Site "Moscow"]
[Date "1996.??.??"]
[Round "4"]
[White "Vlassov, Nikolai"]
[Black "Baikov, Vladimir A"]
[Result "1/2-1/2"]
[WhiteElo "2380"]
[BlackElo "2520"]

1.e4 c5 2.c3 Nf6 3.e5 Nd5 4.d4 cxd4 5.cxd4 d6 6.Nf3 Nc6 7.Bc4 Nb6 8.Bb3 dxe5
9.d5 Na5 10.Nc3 Nxb3 11.Qxb3 e6 12.Nxe5 Nxd5 13.Qb5+ Bd7 14.Qxb7 Bb4 15.O-O Qc8
16.Qxd7+ Qxd7 17.Nxd7 Bxc3 18.bxc3 Kxd7 19.c4 Nb6 20.Rd1+ Kc6 21.Bb2 f6 22.Rd4 Rhd8
23.Rc1 Rxd4 24.Bxd4 Rd8 25.Be3 Rd3 26.Kf1 Ra3 27.Rc2 Ra4 28.Ke2 e5 29.Kd3 f5
30.Bc1 Nd7 31.Kc3 Nc5 32.f3 Ra6 33.Re2 Nd7 34.Rd2 Ra4 35.Re2 Nb6 36.Kb3 Rxc4
37.Bb2 e4 38.fxe4 fxe4 39.Bxg7 a5 40.Bh6 a4+ 41.Kb2 Nd5 42.g4 Kd6 43.h4 Ke5
44.h5 e3 45.g5 Ke4 46.g6 hxg6 47.hxg6 Kf3 48.Rc2 e2 49.Bd2 Rg4 50.Ka3 Kf2
51.Rc8 Rg3+ 52.Kb2 a3+ 53.Kc2 Rxg6 54.Rf8+ Nf6 55.Rf7 Kf1 56.Bc3 e1=Q 57.Bxe1 Kxe1
58.Re7+ Kf1 59.Re3  1/2-1/2

[Event "RUS-Cup2"]
[Site "Moscow"]
[Date "1996.??.??"]
[Round "4"]
[White "Ivanov, Victor L"]
[Black "Beshukov, Sergei"]
[Result "1/2-1/2"]
[WhiteElo "2375"]
[BlackElo "2460"]

1.e4 c5 2.c3 Nf6 3.e5 Nd5 4.Nf3 Nc6 5.d4 cxd4 6.cxd4 d6 7.Bc4 Nb6 8.Bb3 dxe5
9.d5 Na5 10.Nc3 Nxb3 11.Qxb3 e6 12.Nxe5 Nxd5 13.Qb5+ Bd7 14.Qxb7 Qc8 15.Qxd7+ Qxd7
16.Nxd7 Kxd7 17.Nxd5 exd5 18.Be3 Bb4+ 19.Ke2 Rhc8 20.Rac1 a6 21.Rhd1 Rxc1
22.Bxc1 Ke6 23.Rd4 Bd6 24.Ra4 Rc8 25.Be3 Rc6 26.Kd3 g6 27.h3 h5 28.g4 hxg4
29.hxg4 Be7 30.Bd2 Bd6 31.b3 Be7 32.Bc3 Bd6 33.Bb2 Rb6 34.Bd4 Rc6 35.Bc3 Bc7
36.b4 Bd6 37.Ra3 Bc7 38.f3 Be5 39.Bd2 Kd6 40.Be3 Ke6 41.Rb3 Bc7 42.a4 Rc4
43.Rc3 Rxc3+ 44.Kxc3 Be5+ 45.Bd4 Bd6 46.b5 axb5 47.axb5 Kd7 48.Ba7 Bg3 49.Bc5 Be5+
50.Kb4 Kc7 51.Be7 Bd4 52.Bc5 Be5 53.Be3 Bd6+ 54.Kc3 Be5+ 55.Bd4 Bd6 56.Kd3 Kb7
57.Be3 Be5  1/2-1/2

[Event "Moscow-ch"]
[Site "Moscow"]
[Date "1996.??.??"]
[Round "4"]
[White "Parfenov, Vladislav"]
[Black "Mitenkov, Alexey"]
[Result "0-1"]
[WhiteElo "2300"]
[BlackElo "2470"]

1.e4 c5 2.c3 Nf6 3.e5 Nd5 4.d4 cxd4 5.cxd4 Nc6 6.Nf3 d6 7.Bc4 Nb6 8.Bb5 dxe5
9.Nxe5 Bd7 10.Nc3 Nxe5 11.dxe5 Bxb5 12.Nxb5 Qxd1+ 13.Kxd1 Nd5 14.Bd2 e6 15.Rc1 Kd7
16.Ke2 Be7 17.Rhd1 Rhc8 18.a3 a6 19.Nc3 Nxc3+ 20.Bxc3+ Ke8 21.f4 Rc4 22.Rd4 Rac8
23.Rxc4 Rxc4 24.Bd2 Rxc1 25.Bxc1 Kd7 26.Kd3 Kc6 27.a4 Kd5 28.b3 g5 29.g3 g4
30.Be3 f6 31.exf6 Bxf6 32.Bf2 e5 33.fxe5 Bxe5 34.Be3 Bd6 35.Bf2 Bc5 36.Bxc5 Kxc5
37.Kc3 a5 38.Kd3 Kb4 39.Kc2 b5 40.axb5 Kxb5 41.Kc3 Kc5 42.Kd3 Kb4 43.Kc2 Ka3
44.Kc3 h5 45.Kc2 Ka2 46.Kc3 Kb1  0-1

[Event "Moscow-ch"]
[Site "Moscow"]
[Date "1996.??.??"]
[Round "7"]
[White "Aliabiev, Boris"]
[Black "Zaitsev, Mikhail"]
[Result "1-0"]
[WhiteElo "2210"]
[BlackElo "2255"]

1.e4 c5 2.c3 Nf6 3.e5 Nd5 4.d4 cxd4 5.Nf3 e6 6.cxd4 b6 7.Bg5 Be7 8.Bxe7 Qxe7
9.Nbd2 d6 10.Bc4 Bb7 11.Bb5+ Kf8 12.O-O Nc7 13.Bd3 d5 14.Rc1 Ba6 15.Qe2 g6
16.Rc2 Bxd3 17.Qxd3 Nba6 18.a3 Kg7 19.Rfc1 Rad8 20.g4 h5 21.h3 hxg4 22.hxg4 Rh3
23.Kg2 Rdh8 24.Qe2 Qd8 25.Rf1 R3h7 26.Rc3 Qd7 27.Qe3 Qe7 28.g5 Rd8 29.Nh2 Rhh8
30.Ng4 b5 31.Qf4 Rd7 32.Qf6+ Kg8 33.Rd3 Ne8  1-0

[Event "RUS-Cup2"]
[Site "Moscow"]
[Date "1996.??.??"]
[Round "7"]
[White "Aliabiev, Boris"]
[Black "Pankratov, A."]
[Result "0-1"]
[WhiteElo "2210"]
[BlackElo "2310"]

1.e4 c5 2.c3 Nf6 3.e5 Nd5 4.Nf3 Nc6 5.Bc4 Nb6 6.Be2 g6 7.d4 cxd4 8.cxd4 Bg7
9.O-O d6 10.Bf4 dxe5 11.dxe5 Nd5 12.Bg3 O-O 13.Nbd2 Nc7 14.Nc4 Ne6 15.Rc1 Ned4
16.Nxd4 Nxd4 17.Bf3 Nxf3+ 18.Qxf3 Qd7 19.Qa3 Qe6 20.Na5 Qb6 21.Bh4 Be6 22.Nc4 Qd4
23.Bxe7 Bxc4 24.Rfd1 Qe4 25.f3 Qe2 26.Qd6 Bxa2 27.Bxf8 Rxf8 28.Rd2 Qxe5 29.Qxe5 Bxe5
30.Ra1 Bc4 31.Rxa7 Bf4  0-1

[Event "Moscow Alekhine op"]
[Site "Moscow"]
[Date "1996.??.??"]
[Round "8"]
[White "Vlassov, Nikolai"]
[Black "Lopushnoy, Denis"]
[Result "0-1"]
[WhiteElo "2380"]
[BlackElo "2210"]

1.e4 c5 2.c3 Nf6 3.e5 Nd5 4.d4 cxd4 5.Nf3 Nc6 6.cxd4 d6 7.Bc4 Nb6 8.Bb3 d5
9.Nh4 g6 10.O-O Bg7 11.Nc3 O-O 12.f4 f6 13.Be3 Be6 14.g4 fxe5 15.dxe5 Kh8
16.f5 gxf5 17.gxf5 Bxe5 18.fxe6 Rxf1+ 19.Qxf1 d4 20.Qh3 dxe3 21.Ng6+ Kg8
22.Nxe5 Nxe5 23.Bc2 Ng6 24.Qxe3 Nd5 25.Nxd5 Qxd5 26.Rd1 Qxa2 27.Qc3 Rf8 28.Kh1 Qa6
29.Qe1 Kg7 30.Bd3 Qc6+ 31.Be4 Qxe6 32.Qc3+ Qf6 33.Bxb7 Rb8 34.Qxf6+ Kxf6
35.Rd7 Ke6 36.Bc6 Ne5 37.Rb7 Rxb7 38.Bxb7 Kd6 39.Kg2 h6 40.Ba6 Kd5 41.Kg3 Nc4
42.b4 e5 43.Kh4 e4 44.Kh5 Kd4 45.Bc8 Ne5 46.Ba6 Nd3 47.Bc8 e3 48.Bg4 Nxb4
49.Kxh6 Nd5 50.Kg5 a5 51.h4 Ke5 52.h5 a4 53.Be2 a3 54.h6 Nf6 55.Bc4 e2 56.Bxe2 a2  0-1

[Event "Moscow-ch"]
[Site "Moscow"]
[Date "1996.??.??"]
[Round "9"]
[White "Pavlov, Nikita"]
[Black "Losev, Dmitry"]
[Result "1/2-1/2"]
[WhiteElo "2310"]
[BlackElo "2375"]

1.e4 c5 2.c3 Nf6 3.e5 Nd5 4.d4 cxd4 5.cxd4 e6 6.Nf3 b6 7.a3 Be7 8.Bd3 Ba6
9.O-O O-O 10.Re1 Bxd3 11.Qxd3 Nc6 12.Nc3 Nxc3 13.Qxc3 Rc8 14.Qd3 d6 15.Qe4 dxe5
16.dxe5 Na5 17.Bd2 Nc4 18.Bc3 b5 19.Qb7 Qc7 20.Qxb5 Rb8 21.Qa6 Rb6 22.Qa4 Nxb2
23.Qa5 Nc4 24.Qa4 Nb2 25.Qa5 Nc4  1/2-1/2

[Event "RUS-Cup2"]
[Site "Moscow"]
[Date "1996.??.??"]
[Round "9"]
[White "Vlassov, Nikolai"]
[Black "Sher, Miron N"]
[Result "1/2-1/2"]
[WhiteElo "2415"]
[BlackElo "2475"]

1.e4 c5 2.c3 Nf6 3.e5 Nd5 4.d4 cxd4 5.cxd4 d6 6.Bc4 Nb6 7.Bb3 Nc6 8.e6 fxe6
9.Be3 Nd5 10.Nc3 g6 11.h4 Bg7 12.h5 Qa5 13.hxg6 Nxc3 14.bxc3 hxg6 15.Rxh8+ Bxh8
16.Ne2 e5  1/2-1/2

[Event "Moscow-ch"]
[Site "Moscow"]
[Date "1996.??.??"]
[Round "9"]
[White "Hachatrian, Vahagn"]
[Black "Zaitsev, Mikhail"]
[Result "1-0"]
[WhiteElo "2340"]
[BlackElo "2255"]

1.e4 c5 2.c3 Nf6 3.e5 Nd5 4.Bc4 Nb6 5.Bb3 d6 6.exd6 Qxd6 7.Nf3 Nc6 8.O-O Bf5
9.d4 cxd4 10.cxd4 e6 11.a3 Be7 12.Nc3 O-O 13.Be3 Rfd8 14.Qe2 Nd5 15.Rfd1 a6
16.Rac1 b5 17.Nxd5 exd5 18.Qd2 Bg4 19.Ne5 Bxd1 20.Rxc6 Bxb3 21.Rxd6 Bxd6
22.Nc6 Rdc8 23.Na5 Bc2 24.Nb7 Bf8 25.Nc5 Bf5 26.f3 a5 27.g4 Bg6 28.h4 h5
29.Kf2 Ra7 30.Kg3 Re8 31.Bf4 Rc8 32.Qe2 b4 33.axb4 axb4 34.Qb5 hxg4 35.fxg4 Bxc5
36.dxc5 d4 37.h5 Be4 38.Qxb4 Rd7 39.Bd6 Rb7 40.Qxd4 Rb3+ 41.Kh4 Bg2 42.g5 Re8
43.Be7 Bc6 44.h6 gxh6 45.gxh6 Rb4 46.Qxb4 Rxe7 47.Qg4+  1-0

[Event "Moscow-ch"]
[Site "Moscow"]
[Date "1996.??.??"]
[Round "10"]
[White "Kalygin, SV."]
[Black "Dubinsky, Roman"]
[Result "1-0"]
[WhiteElo "2460"]
[BlackElo "2210"]

1.e4 c5 2.c3 Nf6 3.e5 Nd5 4.Nf3 Nc6 5.Bc4 Nb6 6.Bb3 c4 7.Bc2 d6 8.exd6 Qxd6
9.h3 g6 10.d4 cxd3 11.Qxd3 Qc7 12.Qe2 Bg7 13.Na3 a6 14.O-O O-O 15.Rd1 e5
16.Be3 Re8 17.Bxb6 Qxb6 18.Nc4 Qc7 19.Nd6 Rd8 20.Nxf7 Kxf7 21.Qc4+ Ke8 22.Rxd8+ Qxd8
23.Qg8+ Bf8 24.Qxh7 Qe7 25.Qxg6+ Kd8 26.Re1 Bg7 27.Nd4 Qf6 28.Nxc6+ bxc6
29.Qe4 Kc7 30.a4 Be6 31.Qe3 Bd5 32.b3 a5 33.c4 Bf7 34.Qc3 Bh5 35.g4 Be8 36.b4 axb4
37.Qxb4 Qd6 38.c5 Qd8 39.Qb6+ Kc8 40.Bf5+ Bd7 41.Qxc6+  1-0

[Event "Moscow-ch"]
[Site "Moscow"]
[Date "1996.??.??"]
[Round "11"]
[White "Yagupov, Igor"]
[Black "Dolinskij, Boris"]
[Result "1/2-1/2"]
[WhiteElo "2435"]
[BlackElo "2210"]

1.e4 c5 2.c3 Nf6 3.e5 Nd5 4.d4 cxd4 5.Nf3 Nc6 6.cxd4 g6 7.Bc4 Nb6 8.Bb3 Bg7
9.O-O O-O 10.h3 d6 11.Qe2 dxe5 12.dxe5 Nd4 13.Nxd4 Qxd4 14.Re1 Be6 15.Nd2 Bxb3
16.Nxb3 Qd5 17.Bf4 Rfd8 18.Bg5 Nc4 19.Bxe7 Re8 20.Rad1 Qe6 21.Nd4 Qa6 22.b3 Rxe7
23.Qxc4 Qxc4 24.bxc4 Bxe5 25.Nf3 Rae8 26.Nxe5 Rxe5 27.Rxe5 Rxe5 28.Rd7 Ra5  1/2-1/2

[Event "Moscow-ch"]
[Site "Moscow"]
[Date "1996.??.??"]
[Round "11"]
[White "Zakharov, Alexander S"]
[Black "Kalygin, SV."]
[Result "0-1"]
[WhiteElo "2340"]
[BlackElo "2460"]

1.e4 c5 2.c3 Nf6 3.e5 Nd5 4.d4 cxd4 5.Nf3 e6 6.cxd4 b6 7.Nc3 Nxc3 8.bxc3 d5
9.Bb5+ Bd7 10.Bd3 Be7 11.h4 h6 12.h5 Nc6 13.Rh3 Na5 14.Rg3 Qc7 15.Bd2 Bf8
16.Nh4 Nc4 17.Qb3 b5 18.f4 Nxd2 19.Kxd2 b4 20.cxb4 Rb8 21.a3 a5 22.b5 Be7
23.Nf3 a4 24.Qxa4 O-O 25.Ng1 Ra8 26.Qb3 Qa5+ 27.Ke3 Rfb8 28.Rb1 Qxa3 29.Rf3 Qa5
30.Ne2 Qb6 31.Kf2 Ra3 32.Qb2 Rba8 33.Kg1 Ra2 34.Qc3 R8a4 35.Rb3 R2a3 36.Rxa3 Rxa3
37.Qb2 Ra4 38.Bb1 Rb4 39.Rb3 Qxb5 40.Qc2 f5 41.Rxb4 Qxb4 42.g4 Qe1+ 43.Kg2 Bh4
44.gxf5 exf5 45.Qd3 Be8 46.Qxf5 Qxe2+ 47.Kh3 Qe1 48.Qh7+ Kf8 49.Qh8+ Ke7
50.Qxg7+ Kd8 51.Qg2 Bd7+ 52.f5 Qxb1 53.Kxh4 Qxf5 54.Qg8+ Kc7 55.Qg6 Qe4+  0-1

[Event "Moscow-ch"]
[Site "Moscow"]
[Date "1996.??.??"]
[Round "11"]
[White "Ivanov, Victor L"]
[Black "Gorelov, Sergey G"]
[Result "1-0"]
[WhiteElo "2375"]
[BlackElo "2485"]

1.e4 c5 2.c3 Nf6 3.e5 Nd5 4.Nf3 d6 5.d4 cxd4 6.cxd4 Nc6 7.Bc4 dxe5 8.dxe5 Ndb4
9.Qb3 e6 10.O-O a6 11.Bg5 Qc7 12.Qc3 h6 13.Bh4 Bd7 14.a3 Nd5 15.Bxd5 exd5
16.Qd3 Be6 17.Nc3 g5 18.Bg3 Rd8 19.Ne2 d4 20.Rfd1 Qb6 21.b4 Bg4 22.Qe4 Bxf3
23.gxf3 Bg7 24.f4 O-O 25.Nc1 gxf4 26.Bxf4 f6 27.exf6 Rxf6 28.Nd3 Qb5 29.Rac1 Qh5
30.Re1 Rff8 31.Qe6+ Kh8 32.Rc5 Qf3 33.Bxh6 Rg8 34.Rg5 Qxd3 35.Bxg7+ Rxg7
36.Rxg7 Kxg7 37.Re4  1-0

[Event "Muenster op"]
[Site "Muenster"]
[Date "1996.??.??"]
[Round "9"]
[White "Lerner, Konstantin Z"]
[Black "Dydyshko, Viacheslav"]
[Result "1/2-1/2"]
[WhiteElo "2580"]
[BlackElo "2545"]

1.e4 c5 2.c3 Nf6 3.e5 Nd5 4.Nf3 Nc6 5.Bc4 Nb6 6.Bb3 c4 7.Bc2 Qc7 8.Qe2 g5
9.Nxg5 Qxe5 10.d4 cxd3 11.Bxd3 Qxe2+ 12.Bxe2 d5 13.Na3 Bg7 14.Be3 d4 15.cxd4 Nxd4
16.Bb5+ Nxb5 17.Nxb5 O-O 18.Bd4 Bd7 19.Bxg7 Kxg7 20.Nc3 Rac8 21.O-O-O Bf5
22.Rhe1 e6 23.Ne4 Nd5 24.Rxd5 Bxe4 25.Ra5 Bc6 26.Rxa7 Rfd8 27.Ra5 Kf6 28.g3 Rd4
29.Rd1 Rcd8 30.Rxd4 Rxd4 31.Rh5 Kg6 32.Re5 Kf6 33.Re3 Kf5 34.Ne2 Rd6 35.h3 h5
36.Rc3 e5 37.Re3 f6 38.Nc3 h4 39.Kc2 Rd8 40.g4+ Kf4 41.a4 Bf3 42.b3 Rd7 43.a5 Rd4
44.Re1 Kg5 45.Re3 Kf4 46.Re1 Kg5  1/2-1/2

[Event "JUG-ch op"]
[Site "Nis"]
[Date "1996.??.??"]
[Round "4"]
[White "Ristic, Nenad"]
[Black "Gaponenko, Inna"]
[Result "1-0"]
[WhiteElo "2415"]
[BlackElo "2390"]

1.e4 c5 2.c3 Nf6 3.e5 Nd5 4.d4 cxd4 5.Nf3 Nc6 6.Bc4 e6 7.cxd4 d6 8.O-O Be7
9.Qe2 O-O 10.Nc3 Nxc3 11.bxc3 dxe5 12.dxe5 b6 13.Bd3 Qc7 14.Qe4 g6 15.Bh6 Rd8
16.Rad1 Bb7 17.Qf4 Na5 18.Be4 Bxe4 19.Qxe4 Qxc3 20.Bg5 Qa3 21.Rd4 Rac8 22.Ra4 Qc5
23.Qh4 Rd7 24.Bxe7 Qxe7 25.Ng5 h5 26.Qf4 Rc4 27.Rxc4 Nxc4 28.Ne4 Kg7 29.Nf6 Rc7
30.Qg5 Rc5 31.Nxh5+ Kf8 32.Nf6 Kg7 33.f4 Ne3 34.Qh4 Qd8 35.Nh5+  1-0

[Event "JUG-ch op"]
[Site "Nis"]
[Date "1996.??.??"]
[Round "8"]
[White "Tosic, Dejan"]
[Black "Stojanovic, Miroslav"]
[Result "1-0"]
[WhiteElo "2145"]
[BlackElo "2245"]

1.e4 c5 2.c3 Nf6 3.e5 Nd5 4.d4 e6 5.Nf3 cxd4 6.cxd4 b6 7.Nc3 Nxc3 8.bxc3 Ba6
9.Bxa6 Nxa6 10.O-O Be7 11.Re1 O-O 12.Qd3 Nc7 13.c4 d5 14.exd6 Qxd6 15.Re4 Rac8
16.Ng5 h6 17.Rxe6 hxg5 18.Rxd6 Bxd6 19.Bxg5 Ne6 20.Be3 Rfd8 21.d5 Nc5 22.Qf5 Nd7
23.Bg5 g6 24.Qh3 f6 25.Qe6+ Kg7 26.Qxd6 fxg5 27.Re1 Kh6  1-0

[Event "Nova Gorica"]
[Site "Nova Gorica"]
[Date "1996.??.??"]
[Round "3"]
[White "Sveshnikov, Evgeny"]
[Black "Tratar, Marko"]
[Result "1-0"]
[WhiteElo "2565"]
[BlackElo "2405"]

1.e4 c5 2.c3 Nf6 3.e5 Nd5 4.Nf3 Nc6 5.Bc4 Nb6 6.Bb3 d6 7.exd6 e6 8.d4 Bxd6
9.O-O O-O 10.Re1 Be7 11.Be3 cxd4 12.cxd4 Nd5 13.Nc3 Nxe3 14.Rxe3 Bf6 15.Ne4 Bd7
16.Qd2 Be7 17.a3 Qa5 18.Rc3 Rad8 19.Rd1 Bc8 20.Qc1 Qb6 21.Qe3 Na5 22.Bc2 Nc6
23.h4 h6 24.Ba4 Bd7 25.Bb3 Bc8 26.Rd2 Rfe8 27.Ba4 Bd7 28.Qf4 Rf8 29.Nc5 Bc8
30.Rb3 Bd6 31.Qe4 Qc7 32.Rc3 Bf4 33.Rd1 Rd5 34.Bb3 Rdd8 35.Bc2 f5 36.Qe2 Rfe8
37.b4 a6 38.Bb3 Kh8 39.g3 Bd6 40.Re1 e5 41.dxe5 Nxe5 42.Re3 Nxf3+ 43.Qxf3 Rxe3
44.Qxe3 b6 45.Ne6 Bxe6 46.Qxe6 Bxg3 47.Qxf5 Qf4 48.Qxf4 Bxf4 49.h5 Bd6 50.Re4 Rf8
51.Rc4 Be5 52.Kg2 Bf6 53.Rc6 Bd4 54.f3 Rd8 55.f4 a5 56.Be6 axb4 57.axb4 Be3
58.Kf3 Bd4 59.Ke4 Bf2 60.Bd5 Bg1 61.f5 Re8+ 62.Be6 Rd8 63.Rc7 Bd4 64.Rb7 Bg1
65.Bd7 Kg8 66.Be6+ Kh8 67.Bd7 Kg8 68.Ke5 Bh2+ 69.Ke6 Rf8 70.Kd5 Bg1 71.Be6+ Kh8
72.Kc6 Rd8 73.Kc7 Re8 74.b5 Bf2 75.Rxb6 Bxb6+ 76.Kxb6 g5 77.hxg6 h5 78.Bd7 Rf8
79.Kc7 h4 80.b6 h3 81.b7  1-0

[Event "Nova Gorica"]
[Site "Nova Gorica"]
[Date "1996.??.??"]
[Round "3"]
[White "Pavasovic, Dusko"]
[Black "Kozul, Zdenko"]
[Result "1/2-1/2"]
[WhiteElo "2425"]
[BlackElo "2580"]

1.e4 c5 2.c3 Nf6 3.e5 Nd5 4.d4 cxd4 5.Nf3 e6 6.cxd4 d6 7.Bc4 Nc6 8.O-O Be7
9.Qe2 O-O 10.Nc3 dxe5 11.dxe5 Nxc3 12.bxc3 Qa5 13.Qe4 Qa4 14.Bd3 Qxe4 15.Bxe4 Bd7
16.Rd1 Rfd8 17.Be3 Rac8 18.Bxc6 Bxc6 19.Bxa7 Rxd1+ 20.Rxd1 Ra8 21.Be3 Rxa2
22.Nd4 Bd5 23.h3 f6 24.Nf5 exf5 25.exf6 Bxf6 26.Rxd5 Bxc3 27.Rd8+  1/2-1/2

[Event "Nova Gorica"]
[Site "Nova Gorica"]
[Date "1996.??.??"]
[Round "5"]
[White "Sveshnikov, Evgeny"]
[Black "Kozul, Zdenko"]
[Result "1/2-1/2"]
[WhiteElo "2565"]
[BlackElo "2580"]

1.e4 c5 2.c3 Nf6 3.e5 Nd5 4.Nf3 Nc6 5.d4 cxd4 6.cxd4 d6 7.Nc3 dxe5 8.dxe5 Nxc3
9.Qxd8+ Nxd8 10.bxc3 g6 11.Nd4  1/2-1/2

[Event "Nova Gorica"]
[Site "Nova Gorica"]
[Date "1996.??.??"]
[Round "5"]
[White "Pavasovic, Dusko"]
[Black "Sulava, Nenad"]
[Result "1/2-1/2"]
[WhiteElo "2425"]
[BlackElo "2480"]

1.e4 c5 2.c3 Nf6 3.e5 Nd5 4.d4 cxd4 5.Nf3 d6 6.cxd4 Nc6 7.Bc4 e6 8.O-O Be7
9.Qe2 O-O 10.Nc3 dxe5 11.dxe5 Nxc3 12.bxc3 Qa5 13.Qe4 Qa4 14.Bg5 Bd7 15.Rfd1 Rad8
16.Bxe7 Nxe7 17.Qxb7 Qxc4  1/2-1/2

[Event "Nova Gorica"]
[Site "Nova Gorica"]
[Date "1996.??.??"]
[Round "7"]
[White "Mestrovic, Zvonimir"]
[Black "Grosar, Aljosa"]
[Result "1-0"]
[WhiteElo "2470"]
[BlackElo "2470"]

1.e4 c5 2.c3 Nf6 3.e5 Nd5 4.d4 cxd4 5.Nf3 Nc6 6.Bc4 Nb6 7.Bb3 d6 8.exd6 Qxd6
9.Na3 dxc3 10.Qe2 cxb2 11.Bxb2 Qb4+ 12.Kf1 Bf5 13.Rc1 Rd8 14.Nc2 Qxb3 15.axb3 Bd3
16.Ncd4 Bxe2+ 17.Kxe2 Nxd4+ 18.Nxd4 a6 19.Rc7 Rd7 20.Rxd7 Kxd7 21.Rd1 e6
22.Nf3+ Ke8 23.Rc1 f6 24.Rc7 Nd5 25.Rxb7 Be7 26.Nd4 Kf7 27.Nc6 e5 28.Ba3 Re8
29.Ra7 h5 30.Kd3 a5 31.Kc4 Ke6 32.Nxe7 Nxe7 33.Rxa5 Nf5 34.Ra6+ Kf7 35.Bc5 e4
36.b4 e3 37.Ra7+ Kg6 38.fxe3 Nxe3+ 39.Bxe3 Rxe3 40.b5 Re2 41.Ra3 Kf5 42.b6 Rc2+
43.Rc3 Rb2 44.Rb3 Rc2+ 45.Kb5  1-0

[Event "Nussloch"]
[Site "Nussloch"]
[Date "1996.??.??"]
[Round "1"]
[White "Hracek, Zbynek"]
[Black "Piket, Jeroen"]
[Result "1-0"]
[WhiteElo "2650"]
[BlackElo "2570"]

1.e4 c5 2.c3 Nf6 3.e5 Nd5 4.Nf3 e6 5.Bc4 Nb6 6.Bb3 c4 7.Bc2 d6 8.exd6 Bxd6
9.b3 Nc6 10.O-O Bd7 11.Qe2 cxb3 12.axb3 Qe7 13.Ba3 Nd5 14.Bxd6 Qxd6 15.Na3 a6
16.Rfe1 Rd8 17.Nc4 Qc7 18.Ng5 h6 19.Ne4 O-O 20.Ne3 Bc8 21.d4 Nf4 22.Qc4 b5
23.Qc5 Bb7 24.Rad1 Rd7 25.c4 Rc8 26.d5 exd5 27.cxd5 Ne5 28.Qxc7 Rcxc7 29.d6 Rc8
30.b4 Ne6 31.f4 Bxe4 32.Bxe4 Nxf4 33.Bf5 Ne6 34.Nd5 Kf8 35.Nb6 Rc6 36.Nxd7+ Nxd7
37.Bxe6 fxe6 38.Rxe6 Rc8 39.Re7 Rd8 40.h3 Kg8 41.Ra1 Nb8 42.Rc7 Kh7 43.Rd1  1-0

[Event "Oberwart op"]
[Site "Oberwart"]
[Date "1996.??.??"]
[Round "2"]
[White "Spindelboeck, Gernot"]
[Black "Hardicsay, Peter"]
[Result "1/2-1/2"]
[WhiteElo "2260"]
[BlackElo "2395"]

1.e4 c5 2.c3 Nf6 3.e5 Nd5 4.Nf3 e6 5.Bc4 Nb6 6.Bb3 d6 7.O-O dxe5 8.Nxe5 Bd6
9.d4 cxd4 10.cxd4 Nc6 11.Nxc6 bxc6 12.Nc3 O-O 13.Qh5 Nd5 14.Bg5 Be7 15.Bc2 g6
16.Bxe7 Nxe7 17.Qe5 Nf5 18.Rfd1 f6 19.Qf4 Qd6 20.Qxd6 Nxd6 21.Ne4 Nxe4 22.Bxe4 Rb8
23.b3 Rb6 24.Rac1  1/2-1/2

[Event "Oberwart op"]
[Site "Oberwart"]
[Date "1996.??.??"]
[Round "4"]
[White "Wadsack, W."]
[Black "Pfeiffer, Gregor"]
[Result "1/2-1/2"]
[WhiteElo "2225"]
[BlackElo "2135"]

1.e4 c5 2.c3 Nf6 3.e5 Nd5 4.d4 cxd4 5.cxd4 d6 6.Nf3 Nc6 7.exd6 Qxd6 8.Nc3 Bg4
9.Be2 e6 10.h3 Bh5 11.O-O Be7 12.Nb5 Qd8 13.Ne5 Bxe2 14.Qxe2 a6 15.Nxc6 bxc6
16.Nc3 Nxc3 17.bxc3 c5 18.Rd1 O-O 19.Rb1 cxd4 20.Rxd4 Qa5 21.Rd7 Bf6 22.Rbb7 Rad8
23.c4 Qa4 24.Rxd8 Rxd8 25.Bf4 h6 26.Rb8 Rxb8 27.Bxb8 Bd4 28.Bf4 Qb4 29.Kh2  1/2-1/2

[Event "Oberwart op"]
[Site "Oberwart"]
[Date "1996.??.??"]
[Round "5"]
[White "Kiefhaber, Holger"]
[Black "Robovic, Saudin"]
[Result "1-0"]
[WhiteElo "2230"]
[BlackElo "2405"]

1.e4 c5 2.c3 Nf6 3.e5 Nd5 4.d4 cxd4 5.Nf3 e6 6.cxd4 b6 7.Nc3 Nxc3 8.bxc3 Qc7
9.Bd2 Bb7 10.Bd3 d6 11.O-O Nd7 12.Ng5 dxe5 13.Qh5 g6 14.Qh3 Be7 15.Rfe1 Rc8
16.dxe5 Nc5 17.Bc2 Rd8 18.Bf4 b5 19.Rad1 Bd5 20.Nxh7 Qc6 21.Qh6 Bxg2 22.Qg7 Rxh7
23.Qxh7 Bd5 24.Bh6 Qb7 25.Qg8+ Kd7 26.Qxf7 Kc8 27.Bg7 Rd7 28.Qxg6 Bg5 29.Bf6 Bf4
30.Rd4  1-0

[Event "Oberwart op"]
[Site "Oberwart"]
[Date "1996.??.??"]
[Round "6"]
[White "Huber, Wolfgang"]
[Black "Ruck, Robert"]
[Result "0-1"]
[WhiteElo "2220"]
[BlackElo "2460"]

1.e4 c5 2.c3 Nf6 3.e5 Nd5 4.Nf3 e6 5.g3 d6 6.exd6 Bxd6 7.Bg2 Nc6 8.O-O O-O
9.d4 h6 10.Re1 Bd7 11.Nbd2 cxd4 12.cxd4 Rc8 13.Nc4 Qc7 14.Nxd6 Qxd6 15.a3 Rfd8
16.Ne5 Be8 17.Ng4 Nde7 18.Ne3 Nxd4 19.Bxb7 Bc6 20.Bxc6 Qxc6  0-1

[Event "Oberwart op"]
[Site "Oberwart"]
[Date "1996.??.??"]
[Round "9"]
[White "Kiefhaber, Holger"]
[Black "Stanec, Nikolaus"]
[Result "0-1"]
[WhiteElo "2230"]
[BlackElo "2505"]

1.e4 c5 2.c3 Nf6 3.e5 Nd5 4.d4 cxd4 5.Nf3 e6 6.cxd4 b6 7.Nc3 Nxc3 8.bxc3 Qc7
9.Bd2 d6 10.Bb5+ Nd7 11.O-O a6 12.Bxd7+ Bxd7 13.Re1 d5 14.a4 h6 15.Qb3 Be7
16.Bc1 Rc8 17.Re3 b5 18.axb5 Bxb5 19.Ba3 O-O 20.Nd2 Bg5 21.Bxf8 Kxf8 22.Qa3+ Kg8
23.Rc1 Qd8 24.Rce1 Bxe3 25.Rxe3 Qg5 26.Nb3 Bc4 27.Nc5 Rb8 28.Qa1 Qf5 29.Re1 Qc2
30.Rc1 Qb2 31.h3 a5 32.Qxb2 Rxb2 33.Ra1 Ra2 34.Rb1 a4 35.Rb7 a3 36.Nd7 h5
37.g4 hxg4 38.hxg4 Rb2 39.Ra7 a2 40.g5 Rb1+  0-1

[Event "RUS-Cup3"]
[Site "Omsk"]
[Date "1996.??.??"]
[Round "1"]
[White "Tikzhanov, Erlam"]
[Black "Vaulin, Alexander"]
[Result "0-1"]
[WhiteElo "2265"]
[BlackElo "2485"]

1.e4 c5 2.c3 Nf6 3.e5 Nd5 4.Nf3 e6 5.d4 cxd4 6.cxd4 d6 7.a3 Bd7 8.Bd3 Bc6
9.O-O Nd7 10.Nbd2 dxe5 11.dxe5 Nc5 12.Ne4 Nxd3 13.Qxd3 Nf4 14.Qc4 Qd3 15.Nd6+ Bxd6
16.Qxf4 Be7 17.Be3 O-O 18.Rad1 Qg6 19.Qg3 Rfc8 20.Nd4 Bd5 21.f4 Rc4 22.f5 Qxg3
23.hxg3 Bc5 24.Kh2 exf5 25.Nxf5 Be6 26.Nd4 Bg4 27.Rd3 Bf8 28.Rf4 h5 29.Nf3 Rc2
30.Ng5 Be7 31.Nxf7 Rxb2 32.Rc3 Be6 33.Rc7 Bxa3 34.Bc1 Rb3 35.Bxa3 Rxa3 36.Ng5 Re8
37.Rd4 Bg4 38.Re7 Rc8 39.e6 Ra5 40.Ne4 Re5 41.Rdd7 Bxe6 42.Rxg7+ Kf8 43.Rxb7 Rxe4
44.Rxa7 Ra4 45.Rab7 Rb8 46.Rbc7 Ra1 47.g4 h4 48.Ra7 Rb3 49.Rab7 Rxb7 50.Rxb7 Ra4
51.g3 Rxg4 52.gxh4 Rxh4+ 53.Kg3 Ra4 54.Rc7 Ke8 55.Rb7 Bd7 56.Rb6 Ke7 57.Rh6 Be6
58.Rh4 Ra3+ 59.Kf4 Kd6 60.Rh1 Ra4+ 61.Kg3 Ke5 62.Re1+ Kf5 63.Re3 Bd5 64.Rc3 Rg4+
65.Kf2 Kf4 66.Rc8 Rg2+ 67.Kf1 Rb2 68.Rf8+ Ke3 69.Re8+ Be4 70.Kg1 Rg2+ 71.Kf1 Rg7
72.Re6 Rh7  0-1

[Event "RUS-Cup3"]
[Site "Omsk"]
[Date "1996.??.??"]
[Round "3"]
[White "Mukhametov, Eldar"]
[Black "Lopushnoy, Denis"]
[Result "1-0"]
[WhiteElo "2485"]
[BlackElo "2295"]

1.e4 c5 2.c3 Nf6 3.e5 Nd5 4.Nf3 Nc6 5.Bc4 Nb6 6.Bb3 c4 7.Bc2 d5 8.exd6 e5
9.O-O Bg4 10.Re1 Bxd6 11.d3 O-O 12.dxc4 f5 13.c5 Bxc5 14.Bb3+ Kh8 15.Qxd8 Nxd8
16.Nxe5 Bh5 17.Nd3 Bd6 18.Bf4 Bxf4 19.Nxf4 Bf7 20.Na3 Nc6 21.Nb5 Rad8 22.Bxf7 Rxf7
23.Rad1 Rxd1 24.Rxd1 g6 25.b3 a6 26.Nd4 Rd7 27.h4 Rd6 28.Rd3 Ne5 29.Re3 Nbd7
30.Nd3 Nxd3 31.Rxd3 Nc5 32.Re3 Ne4 33.h5 Kg7 34.hxg6 hxg6 35.f3 Nxc3 36.Nxf5+ gxf5
37.Rxc3 Kf6 38.Rc7 b5 39.Rc5 Kg5 40.g4 Kf4 41.Rxf5+ Kg3 42.Kf1 Rd1+ 43.Ke2 Ra1
44.g5 Rxa2+ 45.Kd3 Kh4 46.g6 Rg2 47.Rf4+  1-0

[Event "RUS-Cup3"]
[Site "Omsk"]
[Date "1996.??.??"]
[Round "4"]
[White "Likov, Vasili"]
[Black "Kozirev, Alexander"]
[Result "0-1"]
[WhiteElo "2260"]
[BlackElo "2370"]

1.e4 c5 2.c3 Nf6 3.e5 Nd5 4.d4 cxd4 5.Nf3 Nc6 6.Bc4 Nb6 7.Bb3 d5 8.exd6 Qxd6
9.Na3 Be6 10.Nb5 Qd7 11.O-O Bxb3 12.axb3 e6 13.Bf4 Nd5 14.Bg3 Rc8 15.Nxa7 Nxa7
16.Ne5 Qc7 17.Rxa7 Bd6 18.Qxd4 O-O 19.b4 Rfd8 20.Qe4 f5 21.Qe2 f4 22.Bh4 Bxe5
23.Bxd8 Rxd8 24.Re1 Ne7 25.Ra5 Nc6 26.Rc5 f3 27.Qxf3 Bxh2+ 28.Kh1 Bd6 29.Rb5 Rf8
30.Qg4 Nd8 31.Kg1 Rf6 32.Re4 Bh2+ 33.Kf1 Bg3 34.f3 Bd6 35.Rc4 Qd7 36.Ra5 Nc6
37.Ra8+ Bf8 38.Ke2 Ne5 39.Qd4 Qb5 40.b3 Nxc4 41.bxc4 Qf5 42.c5 h5 43.Rb8 Qg5
44.Qf2 Qe5+ 45.Kd3 Qxb8  0-1